000
00311nam a22001337a 4500
008
170310b xxu||||| |||| 00| 0 eng d
020
_a
0070796890
041
_a
eng
080
_2
3 ED
_a
616.5
100
_a
7
101
_a
SHM
245
_a
DERMATOLOGY IN GENERAL MEDICINE
_c
FITZPATRICK.TH.B
942
_2
udc
_c
BK
999
_c
7618
_d
7618